[Event "GER-ch Net blitz qual3"]
[Site "Playchess.com INT"]
[Date "2020.03.21"]
[Round "2"]
[White "Garbuszus, Jochen"]
[Black "Ruddat, Jarne"]
[Result "1-0"]
[WhiteElo "1667"]
[BlackElo "1385"]
[PlyCount "74"]
[EventDate "2020.03.21"]
[EventType "swiss (blitz)"]
[EventRounds "9"]
[EventCountry "GER"]
[SourceTitle "CBM 195 Extra"]
[Source "ChessBase"]
[SourceDate "2020.05.31"]
[SourceVersion "1"]
[SourceVersionDate "2020.05.31"]
[SourceQuality "1"]

1. e4 c5 2. d4 cxd4 3. c3 g6 4. cxd4 Bg7 5. Nc3 Nf6 6. Bc4 0-0 7. Nf3 a6 8. a4 Nc6 9. 0-0 d6 10. h3 Bd7 11. Bg5 h6 12. Bh4 Qb6 13. Qd2 Rac8 14. a5 Qa7 15. Bb3 Nd8 16. e5 dxe5 17. dxe5 Bc6 18. exf6 exf6 19. Nd4 Qb8 20. Bg3 Qa7 21. Nxc6 Rxc6 22. Nd5 Kh7 23. Nb6 Ne6 24. Qd7 Nc5 25. Qd1 Ne6 26. Bd5 Rxb6 27. axb6 Qxb6 28. Bxe6 fxe6 29. Qd7 e5 30. Rfd1 Qxb2 31. Rab1 Qc3 32. Rxb7 Rg8 33. Kh2 a5 34. Qf7 a4 35. Rdd7 a3 36. Qxf6 a2 37. Rxg7+ Rxg7 1-0

[Event "GER-ch Net blitz qual3"]
[Site "Playchess.com INT"]
[Date "2020.03.21"]
[Round "1"]
[White "Garbuszus, Jochen"]
[Black "Tiarks, Jann Christian"]
[Result "0-1"]
[WhiteElo "1667"]
[BlackElo "2159"]
[PlyCount "38"]
[EventDate "2020.03.21"]
[EventType "swiss (blitz)"]
[EventRounds "9"]
[EventCountry "GER"]
[SourceTitle "CBM 195 Extra"]
[Source "ChessBase"]
[SourceDate "2020.05.31"]
[SourceVersion "1"]
[SourceVersionDate "2020.05.31"]
[SourceQuality "1"]

1. d4 d5 2. c4 e6 3. Nc3 c6 4. e4 dxe4 5. Nxe4 Bb4+ 6. Bd2 Qxd4 7. Bxb4 Qxe4+ 8. Be2 Na6 9. Bc3 Ne7 10. Bxg7 Qxg2 11. Bxh8 Qxh1 12. Kf1 e5 13. Bxe5 Bh3+ 14. Ke1 Qxg1+ 15. Kd2 0-0-0+ 16. Bd3 Qxf2+ 17. Kc3 Qe3 18. Qe2 Rxd3+ 19. Qxd3 Qxe5+ 0-1

[Event "GER-ch Net blitz qual3"]
[Site "Playchess.com INT"]
[Date "2020.03.21"]
[Round "8"]
[White "Horatschek, Martin"]
[Black "Garbuszus, Jochen"]
[Result "0-1"]
[WhiteElo "1483"]
[BlackElo "1667"]
[PlyCount "98"]
[EventDate "2020.03.21"]
[EventType "swiss (blitz)"]
[EventRounds "9"]
[EventCountry "GER"]
[SourceTitle "CBM 195 Extra"]
[Source "ChessBase"]
[SourceDate "2020.05.31"]
[SourceVersion "1"]
[SourceVersionDate "2020.05.31"]
[SourceQuality "1"]

1. e4 c5 2. Nf3 g6 3. d4 Bg7 4. dxc5 Qa5+ 5. Nbd2 Qxc5 6. Nb3 Qc7 7. Be2 Nc6 8. 0-0 a5 9. c3 Nf6 10. e5 Nxe5 11. Nxe5 Qxe5 12. Re1 Qc7 13. Qc2 d6 14. Bf4 Bf5 15. Qd2 Ne4 16. Qd5 a4 17. Nd4 Ra5 18. Qc4 Qxc4 19. Bxc4 e5 20. Nxf5 gxf5 21. Be3 Nf6 22. Rad1 Ke7 23. f4 Rd8 24. fxe5 dxe5 25. Rxd8 Kxd8 26. Bg5 Ke7 27. b3 axb3 28. axb3 Kf8 29. b4 Ra3 30. Rc1 Ne4 31. Bh4 Bh6 32. Rd1 Nxc3 33. Bf6 Ra8 34. Rd6 Ne4 35. Be7+ Kxe7 36. Rxh6 Ra1+ 37. Bf1 Nd2 38. Rxh7 Nxf1 39. Kf2 Nd2 40. h4 Ne4+ 41. Kf3 Ra3+ 42. Ke2 Rg3 43. h5 Rxg2+ 44. Kf3 Rh2 45. h6 Nf6 46. Rh8 f4 47. b5 Ke6 48. b6 Kf5 49. Rf8 e4# 0-1